MCU Characters by Death Quiz Stats

 Plays Quiz Updated Nov 20, 2019

Score 0/10 Timer 02:30
5 Plays Today
% Correct
Vision
95.3%
Iron Man
93.2%
Black Widow
90.3%
Thanos
89.6%
Odin
89.5%
Loki
87.7%
Quicksilver
87.5%
Yondu Udonta
87.1%
Howard Stark
84.4%
Mysterio
79.9%

You're not logged in!

Compare scores with friends on all Sporcle quizzes.
OR
Log In

Sporcle TV

Today on Sporcle TV


Watch our educational content, quiz creation guides, and fun videos on Sporcle TV.

Show Comments

Extras

Top Quizzes Today


Score Distribution

Your Account Isn't Verified!

In order to create a playlist on Sporcle, you need to verify the email address you used during registration. Go to your Sporcle Settings to finish the process.

Report this User

Report this user for behavior that violates our Community Guidelines.

Details: